000 00262nam a2200097Ia 4500
001 1250962
005 20251031150906.0
008 251031s9999 xx 000 0 und d
245 0 _cMETİN ÖZDAMARLAR
_aİ-4 GÜZEL ÜLKEM TÜRKİYE 2
260 _bTİMAŞ YAYINLARI
999 _c1250962
_d1250962